| 000 | 01144cam a22003255a 4500 | ||
|---|---|---|---|
| 001 | L139968 | ||
| 002 | 16616 | ||
| 008 | 070823s2007 xxk f 001 0 eng d | ||
| 020 | _a9780728205048 | ||
| 035 | _a(Sirsi) u139968 | ||
| 041 | 0 | _aeng | |
| 050 | 0 | 4 | _a333.332026 $2 18 |
| 100 | 1 | _aBaum, Andrew | |
| 245 | 0 | 0 |
_aStatutory valuations _h[electronic resource] |
| 250 | _a4th ed. | ||
| 260 |
_aLondon _bEstates Gazette _c2007 |
||
| 300 |
_axxv, 347p. _c25cm. |
||
| 520 | _aExamines the effect of legislation and case law on property valuation. Recommends approaches to valuation problems and interprets the legal framework to these approaches. chapters. Includes worked examples of valuations and tables of cases and statutes. | ||
| 520 | _aSupersedes third edition (ISBN 072820455X). | ||
| 590 | _aKA | ||
| 650 | 2 | 4 | _aEBOOK |
| 651 | 4 |
_aUnited Kingdom _y |
|
| 690 |
_aValuation _96273 |
||
| 700 | 1 | _aSams, Gary | |
| 700 | 1 | _aEllis, Jennifer | |
| 700 | 1 | _aHampson, Claire | |
| 700 | 1 | _aStevens, Douglas | |
| 856 | 4 | 0 |
_uhttps://www.vlebooks.com/ _zView on VLEbooks. Logins for members only from [email protected] |
| 942 | _n0 | ||
| 999 |
_c107390 _d107390 |
||